|
|
|
|
| LEADER |
00669 a2200181 4500 |
| 005 |
20151026133023.0 |
| 008 |
120801t xxu||||| |||| 00| 0 eng d |
| 080 |
|
|
|a 544
|b TAN
|
| 100 |
|
|
|a Tan, Jeanne
|9 21076
|
| 245 |
|
|
|a Understanding advanced physical inorganic chemistry
|b the learner's approach
|c Jeanne Tan and Kim Seng Chan
|
| 300 |
|
|
|a xv, 472p.
|
| 653 |
|
|
|a Physical inorganic chemistry
|
| 700 |
|
|
|a Chan, Kim Seng
|9 21075
|
| 942 |
|
|
|c BK
|6 _
|
| 260 |
|
|
|b WSeducation
|c 2011
|a New Jersey
|9 21077
|
| 020 |
|
|
|a 9789814317269
|
| 999 |
|
|
|c 61590
|d 61590
|
| 952 |
|
|
|0 0
|1 0
|2 udc
|4 0
|6 544_TAN
|7 0
|9 74204
|a UL
|b UL
|c GEN
|d 2012-08-01
|l 1
|o 544 TAN
|p 00066217
|r 2013-05-06
|s 2013-04-15
|w 2012-08-01
|y BK
|